Loading...
| History - European | 0 | 11 | 0 | 1 | 110 | 42 | 100.64 | 2 | 8 | 0.00 | 0.00 |
| History - World | 0 | 7 | 1 | 1 | 65 | 49 | 100.86 | 2 | 3 | 0.00 | 0.00 |
| History - Other | 0 | 5 | 0 | 1 | 50 | 109 | 123.40 | 1 | 3 | 0.00 | 0.00 |
| Geography | 0 | 3 | 0 | 2 | 30 | 60 | 112.00 | 0 | 1 | 0.00 | 0.00 |
| Current Events | 0 | 3 | 0 | 0 | 30 | 61 | 63.67 | 2 | 3 | 0.00 | 0.00 |
| History - American | 0 | 3 | 1 | 0 | 25 | 89 | 106.33 | 0 | 1 | 0.00 | 0.00 |
| Religion | 0 | 3 | 1 | 1 | 25 | 127 | 134.67 | 0 | 2 | 0.00 | 0.00 |
| Fine Arts - Other | 0 | 3 | 1 | 0 | 25 | 71 | 111.00 | 0 | 1 | 0.00 | 0.00 |
| Literature - World | 0 | 2 | 0 | 0 | 20 | 112 | 128.50 | 0 | 0 | 0.00 | 0.00 |
| Social Science | 0 | 2 | 1 | 1 | 15 | 93 | 114.50 | 0 | 0 | 0.00 | 0.00 |
| Science - Physics | 0 | 1 | 0 | 1 | 10 | 118 | 118.00 | 0 | 0 | 0.00 | 0.00 |
| Science - Other | 0 | 1 | 0 | 0 | 10 | 116 | 116.00 | 0 | 0 | 0.00 | 0.00 |
| Literature - American | 0 | 1 | 0 | 0 | 10 | 142 | 142.00 | 0 | 0 | 0.00 | 0.00 |
| Pop Culture | 0 | 1 | 0 | 0 | 10 | 136 | 136.00 | 0 | 1 | 0.00 | 0.00 |
| Fine Arts - Painting and Sculpture | 0 | 1 | 0 | 0 | 10 | 138 | 138.00 | 0 | 0 | 0.00 | 0.00 |
| Science - Biology | 0 | 1 | 0 | 0 | 10 | 102 | 102.00 | 0 | 1 | 0.00 | 0.00 |
| Literature - British | 0 | 1 | 1 | 0 | 5 | 144 | 144.00 | 0 | 1 | 0.00 | 0.00 |
| Mythology | 0 | 1 | 1 | 0 | 5 | 90 | 90.00 | 0 | 1 | 0.00 | 0.00 |
| Science - Chemistry | 0 | 0 | 0 | 0 | 0 | 0.00 | 0 | 0 | 0.00 | 0.00 | |
| Fine Arts - Classical Music | 0 | 0 | 0 | 0 | 0 | 0.00 | 0 | 0 | 0.00 | 0.00 |